000 00288nam a22001217a 4500
008 160429b xxu||||| |||| 00| 0 eng d
020 _a9780805385380
020 _a080538538
041 _aeng
080 _a618.2
245 _aCritical Thinking in nursing:
_cCarol Green;
942 _2udc
_cBK
999 _c1677
_d1677